Sanat - "Poliisi pamputtaa taas" - Eppu Normaali - Statistics

Yleistilastot
  • Tätä visaa on pelattu 160 kertaa
  • Keskiarvotulos 75 / 96
Vastaustilastot
Sanat % Oikein
Poliisi
100%
Poliisi
100%
Poliisi
100%
Poliisi
100%
Poliisi
100%
Poliisi
100%
Poliisi
100%
autolla,
93%
autolla
93%
autolla,
93%
autolla
93%
autolla,
93%
autolla
93%
autolla,
93%
autolla
93%
sinisellä
93%
sinisellä
93%
sinisellä
93%
sinisellä
93%
sinisellä
93%
sinisellä
93%
sinisellä
93%
sinisellä
93%
ajaa
91%
ajaa
91%
ajaa
91%
ajaa
91%
pamputtaa
89%
pamputtaa
89%
pamputtaa
89%
pamputtaa
89%
uaa,
82%
uaa,
82%
uaa,
82%
uaa,
82%
uaa,
82%
uaa,
82%
uaa,
82%
uaa,
82%
uaa,
82%
uaa,
82%
uaa,
82%
uaa,
82%
on
81%
On
81%
on
81%
On
81%
on
81%
pampulla,
81%
pampulla
81%
pampulla,
81%
pampulla
81%
pampulla
81%
pampulla,
81%
pampulla
81%
pampulla,
81%
pampulla
81%
katolla,
77%
katolla
77%
katolla,
77%
katolla
77%
pillit
77%
pillit
77%
pillit
77%
pillit
77%
kumisella
75%
kumisella
75%
kumisella
75%
kumisella
75%
kumisella
75%
kumisella
75%
kumisella
75%
kumisella
75%
Poliisilla
73%
ihmisiä
63%
ihmisiä
63%
ihmisiä
63%
ihmisiä
63%
uhkaa
63%
uhkaa
63%
putkalla,
62%
putkalla
62%
putkalla,
62%
putkalla
62%
lyö
56%
mukavaa
56%
Mukavaa
56%
mukavaa
56%
Mukavaa
56%
se
50%
työ
49%
poliisin
47%
Systeemin
44%
vartija
41%
hippejä
40%
Poliiilla
2%
Ehtoja vastaavia visoja ei löytynyt
Tulosjakauma
Jokaisen tuloksen saaneiden osuus
Persentiili vastausten määrän mukaan
Tuloshistoriasi
Et ole pelannut tätä visaa